Normal view
MARC view
Entry Personal Name
001 - CONTROL NUMBER
- control field: 43154
003 - CONTROL NUMBER IDENTIFIER
- control field: dpl
005 - DATE AND TIME OF LATEST TRANSACTION
- control field: 20120228141123.0
008 - FIXED-LENGTH DATA ELEMENTS
- fixed length control field: 120228|||a|||||| | ||| d
040 ## - CATALOGING SOURCE
- Original cataloging agency: dpl
- Transcribing agency: dpl
100 ## - HEADING--PERSONAL NAME
- Personal name: Behl, D.K.
670 ## - SOURCE DATA FOUND
- Source citation: Work cat.: (dpl): Sehgal, R. L. 43153, Manual on computer applications training in library science /, 1996
670 ## - SOURCE DATA FOUND
- Source citation: Work cat.: (dpl): Sehgal, R. L. 43153, Manual on computer applications training in library science /, 1996
